书目信息 |
| 题名: |
半导体制造技术
|
|
| 作者: | 夸克 著 | |
| 分册: | ||
| 出版信息: | 北京 电子工业出版社 2006.06 |
|
| 页数: | 666页 | |
| 开本: | 23cm | |
| 丛书名: | 国外电子与通信教材系列 | |
| 单 册: | ||
| 中图分类: | TN305 | |
| 科图分类: | ||
| 主题词: | 半导体技术 | |
| 电子资源: | ||
| ISBN: | 7-121-02710-0 | |
| 000 | 00748nam0 2200229 450 | |
| 001 | 0736381221 | |
| 005 | 20071217100948.71 | |
| 010 | @a7-121-02710-0@dCNY69.00 | |
| 100 | @a20071217d2006 km y0chiy0120 ea | |
| 101 | 0 | @achi |
| 102 | @aCN@b110000 | |
| 200 | 1 | @a半导体制造技术@Aban dao ti zhi zao ji shu@d=Semiconductor Manufacturing Technology@f(美)夸克等著@F(mei)kua ke deng zhu |
| 210 | @a北京@c电子工业出版社@d2006.06 | |
| 215 | @a666页@d23cm | |
| 225 | 2 | @a国外电子与通信教材系列 |
| 410 | 0 | @12001 @a国外电子与通信教材系列 |
| 510 | 1 | @aSemiconductor Manufacturing Technology |
| 606 | 0 | @a半导体技术 |
| 690 | @aTN305@v4 | |
| 701 | 0 | @a夸克@Akua ke@4著 |
| 801 | 0 | @aCN@b大连网信软件有限公司图书馆·11@c20071217 |
| 905 | @aZUCC@dTN305@eK900 | |
| 半导体制造技术=Semiconductor Manufacturing Technology/(美)夸克等著.-北京:电子工业出版社,2006.06 |
| 666页;23cm.-(国外电子与通信教材系列) |
| ISBN 7-121-02710-0:CNY69.00 |
| ● |
| 相关链接 |
|
|
|
正题名:半导体制造技术
索取号:TN305/K900
 
预约/预借
| 序号 | 登录号 | 条形码 | 馆藏地/架位号 | 状态 | 备注 |
| 1 | 450858 | 204508586 | 自科库301/301自科库 26排1列1层/ [索取号:TN305/K900] | 在馆 |